[Event "Reykjavik Open 2015"]
[Site "Reykjavik ISL"]
[Date "2015.03.14"]
[Round "6.42"]
[White "Christiansen, Johan-Sebastian"]
[Black "Gonzalez Pruneda, Arturo"]
[Result "1-0"]
[WhiteTitle "FM"]
[WhiteElo "2351"]
[BlackElo "2131"]
[WhiteFideId "1512668"]
[BlackFideId "2256860"]
[EventDate "2015.03.10"]

1. c4 e5 2. g3 Nf6 3. Bg2 c6 4. d4 exd4 5. Qxd4 d5 6. Nc3 Be6 7. Nh3 Bb4 8. Nf4
O-O 9. O-O Qd7 10. Nxe6 fxe6 11. cxd5 Bxc3 12. Qxc3 exd5 13. Be3 Na6 14. b4 Nc7
15. a4 a6 16. Bb6 Rfe8 17. Rfe1 Ne4 18. Qc2 Re7 19. Rad1 Rae8 20. Rc1 Nf6 21.
Qd3 Ne4 22. Red1 Na8 23. Be3 Nc7 24. Rc2 Qd6 25. Bxe4 Rxe4 26. Bf4 Qe7 27. Bxc7
Qxc7 28. Qxd5+ Kh8 29. Qf5 Rxb4 30. Rd7 Qb6 31. Rcd2 Rb2 32. Rxg7 1-0

[Event "Reykjavik Open 2015"]
[Site "Reykjavik ISL"]
[Date "2015.03.14"]
[Round "6.43"]
[White "Ingvason, Johann"]
[Black "Gulamali, Kazim"]
[Result "0-1"]
[BlackTitle "FM"]
[WhiteElo "2135"]
[BlackElo "2350"]
[WhiteFideId "2301431"]
[BlackFideId "2024764"]
[EventDate "2015.03.10"]

1. e4 c5 2. Nf3 e6 3. d4 cxd4 4. Nxd4 Nc6 5. Nc3 Qc7 6. Be2 a6 7. Be3 Nf6 8. O-O
Be7 9. Nxc6 bxc6 10. f4 d5 11. Bf3 Rb8 12. Bd4 O-O 13. Kh1 Nd7 14. Qe2 c5 15.
Bf2 d4 16. Na4 e5 17. fxe5 Nxe5 18. b3 Bb7 19. Nb2 f5 20. Bg3 f4 21. Bf2 a5 22.
Rac1 Rf6 23. Bh4 Rh6 24. Bxe7 Qxe7 25. Nd3 Ba6 26. Qd2 Bxd3 27. cxd3 Ra8 28. Be2
g5 29. Qc2 Rc6 30. Qd2 Rf8 31. Qxa5 g4 32. b4 Qh4 33. Rxc5 Rh6 34. h3 f3 35. Kg1
gxh3 36. Rxf3 h2+ 37. Kh1 Qe1+ 0-1

[Event "Reykjavik Open 2015"]
[Site "Reykjavik ISL"]
[Date "2015.03.14"]
[Round "6.44"]
[White "Johannsson, Orn Leo"]
[Black "Ragnarsson, Dagur"]
[Result "1/2-1/2"]
[WhiteElo "2107"]
[BlackElo "2347"]
[WhiteFideId "2303051"]
[BlackFideId "2304058"]
[EventDate "2015.03.10"]

1. e4 e6 2. d4 d5 3. Nd2 Nf6 4. e5 Nfd7 5. Bd3 c5 6. c3 Nc6 7. Ne2 cxd4 8. cxd4
f6 9. exf6 Nxf6 10. Nf3 Bd6 11. O-O Qc7 12. Bg5 O-O 13. Bh4 Nh5 14. Qc2 h6 15.
Bg3 Nf4 16. Nxf4 Bxf4 17. Bb5 Qb6 18. Bxc6 bxc6 19. Bxf4 Rxf4 20. Rac1 Rxf3 21.
gxf3 Bd7 22. Qc3 Rf8 23. Rfe1 Rf4 24. Rcd1 Qd8 25. Qe3 Qf6 26. Rd3 Qh4 27. Ra3
e5 28. Qxe5 Rf5 29. Qb8+ Kh7 30. f4 Rh5 31. f5 Rxf5 32. Rg3 Qxd4 33. Ree3 Qd2
34. Ref3 Rxf3 35. Rxf3 Qd1+ 36. Kg2 Bf5 37. Rxf5 Qg4+ 38. Kf1 Qxf5 39. Qxa7 Qb1+
40. Kg2 Qxb2 41. a4 d4 42. a5 d3 43. Qe3 Qe2 44. Qf3 Qd2 45. Qe4+ Kh8 46. Qe8+
Kh7 47. Qe4+ 1/2-1/2

[Event "Reykjavik Open 2015"]
[Site "Reykjavik ISL"]
[Date "2015.03.14"]
[Round "6.45"]
[White "Kenney, Jason"]
[Black "Nguyen, Thai Dai Van"]
[Result "0-1"]
[BlackTitle "FM"]
[WhiteElo "2104"]
[BlackElo "2338"]
[WhiteFideId "2606690"]
[BlackFideId "358878"]
[EventDate "2015.03.10"]

1. c4 e5 2. g3 Nf6 3. Bg2 d5 4. cxd5 Nxd5 5. Nc3 Nb6 6. Nf3 Nc6 7. O-O Be7 8. a3
O-O 9. b4 Be6 10. d3 a5 11. b5 Nd4 12. Nd2 Rb8 13. e3 Nf5 14. Qc2 Qd7 15. Rd1 f6
16. a4 Bb4 17. Bb2 Qf7 18. Nce4 Rfd8 19. Bf1 Nd5 20. Nc4 Nde7 21. Bc3 Bxc3 22.
Qxc3 b6 23. Nb2 Nd5 24. Qa3 Kh8 25. Rdc1 Nb4 26. Rc3 Rd7 27. Nd2 Rbd8 28. Nb3
Nd5 29. Rc6 Nfe7 30. Rxe6 Qxe6 31. d4 e4 32. Nd2 h6 33. Nbc4 Ng6 34. Rc1 f5 35.
Qb3 Re7 36. Qd1 Nf6 37. Nb2 Nd5 38. Qh5 Qf7 39. Bh3 Ngf4 40. Qxf7 Nxh3+ 41. Kg2
Rxf7 42. Kxh3 g5 43. Nbc4 Kg8 44. Ne5 Rf6 45. g4 f4 46. Nxe4 Re6 47. Nc3 fxe3
48. Nxd5 e2 49. Ne3 Rxd4 50. Nf3 Rxa4 51. Re1 Ra2 52. Nd4 Re4 53. Nxe2 Rb2 54.
Kg2 Re5 55. Kf3 Rbxb5 56. Rd1 Rb3 57. Nd4 Rc3 58. Nf5 a4 59. Kg2 a3 60. Nxh6+
Kf8 61. Nd5 Rc4 62. Nf6 Re6 63. Nd7+ Ke8 64. Nf5 Rxg4+ 65. Kh3 Ra4 66. Ng7+ Ke7
67. Nxe6 Kxe6 0-1

[Event "Reykjavik Open 2015"]
[Site "Reykjavik ISL"]
[Date "2015.03.14"]
[Round "6.46"]
[White "Loos, Roland"]
[Black "Gulbrandsen, Tor"]
[Result "0-1"]
[WhiteElo "2337"]
[BlackElo "2095"]
[WhiteFideId "4643232"]
[BlackFideId "1504142"]
[EventDate "2015.03.10"]

1. e4 e6 2. d4 d5 3. Nd2 dxe4 4. Nxe4 Nd7 5. Nf3 Ngf6 6. Nxf6+ Nxf6 7. c3 Be7 8.
Bd3 O-O 9. Qe2 b6 10. O-O Bb7 11. Bf4 Re8 12. Rad1 h6 13. Rfe1 Bd6 14. Ne5 Nd5
15. Bc1 a6 16. Qh5 Qe7 17. c4 Nf6 18. Qh3 Nd7 19. Nxd7 Qxd7 20. d5 Rad8 21. Qg4
exd5 22. Bf5 Rxe1+ 23. Rxe1 Re8 24. Rd1 Qe7 25. g3 dxc4 26. Be3 Bc5 27. Bd7 Rd8
28. Bxh6 Qf6 29. Be3 Bf3 0-1

[Event "Reykjavik Open 2015"]
[Site "Reykjavik ISL"]
[Date "2015.03.14"]
[Round "6.47"]
[White "Thorhallsson, Gylfi"]
[Black "Bisby, Daniel L"]
[Result "0-1"]
[BlackTitle "FM"]
[WhiteElo "2084"]
[BlackElo "2321"]
[WhiteFideId "2300800"]
[BlackFideId "404586"]
[EventDate "2015.03.10"]

1. e4 c5 2. Nf3 Nc6 3. d4 cxd4 4. Nxd4 g6 5. c4 Bg7 6. Be3 Nf6 7. Nc3 d6 8. Be2
O-O 9. O-O Bd7 10. Qd2 Nxd4 11. Bxd4 Bc6 12. f3 a5 13. Rac1 a4 14. Nd5 Nd7 15.
Rc3 Bxd4+ 16. Qxd4 e5 17. Qe3 Bxd5 18. cxd5 Nc5 19. Rfc1 Qb6 20. R1c2 Qb4 21.
Bf1 Kg7 22. Rc4 Qb6 23. Kh1 Qd8 24. g3 Qe7 25. Qc3 Rad8 26. b4 axb3 27. axb3 f5
28. exf5 Rxf5 29. b4 b5 30. Rg4 h5 31. Rf4 Na4 32. Qa1 Qf6 33. Rxf5 Qxf5 34. Rf2
Rc8 35. Bxb5 Nc3 36. Bc6 Qd3 37. Qf1 Qd4 38. b5 Kf8 39. Kg2 Nd1 40. Qe2 Ne3+ 41.
Kh3 g5 42. f4 g4+ 43. Kh4 Qa7 0-1

[Event "Reykjavik Open 2015"]
[Site "Reykjavik ISL"]
[Date "2015.03.14"]
[Round "6.48"]
[White "Hald, Jens Erik Kofoed"]
[Black "Gislason, Gudmundur"]
[Result "0-1"]
[BlackTitle "FM"]
[WhiteElo "2069"]
[BlackElo "2321"]
[WhiteFideId "1401840"]
[BlackFideId "2300559"]
[EventDate "2015.03.10"]

1. e4 c5 2. Nf3 e6 3. c4 Nc6 4. d4 cxd4 5. Nxd4 Nf6 6. Nc3 d6 7. Be2 Be7 8. O-O
O-O 9. Be3 Re8 10. Qd2 a6 11. Bf3 Ne5 12. b3 Qc7 13. Rac1 Bd7 14. Bg5 Nxf3+ 15.
Nxf3 Rac8 16. Rfe1 Red8 17. Qe2 Be8 18. h3 h6 19. Bf4 Qa5 20. Bd2 Qh5 21. a4 Nd7
22. Rb1 Bf6 23. a5 Qc5 24. Na4 Qc6 25. Rec1 Nc5 26. Nxc5 dxc5 27. e5 Be7 28. Bf4
Qc7 29. Ra1 Bc6 30. Re1 Rd7 31. Bc1 Rcd8 32. Nh2 Rd4 33. Be3 Rh4 34. Nf3 Rh5 35.
Bf4 Rf5 36. Bg3 0-1

[Event "Reykjavik Open 2015"]
[Site "Reykjavik ISL"]
[Date "2015.03.14"]
[Round "6.49"]
[White "Bergsson, Stefan"]
[Black "Hitzler, Philipp"]
[Result "1/2-1/2"]
[WhiteElo "2063"]
[BlackElo "2315"]
[WhiteFideId "2301393"]
[BlackFideId "4658930"]
[EventDate "2015.03.10"]

1. d4 d5 2. c4 c6 3. Nf3 Nf6 4. e3 Bf5 5. Nc3 e6 6. Nh4 Be4 7. f3 Bg6 8. Qb3 Qb6
9. Nxg6 hxg6 10. c5 Qc7 11. e4 dxe4 12. fxe4 e5 13. dxe5 Ng4 14. e6 Bxc5 15.
exf7+ Qxf7 16. Qxf7+ Kxf7 17. Be2 Ne5 18. Bf4 Nbd7 19. O-O-O Raf8 20. g3 Ke7 21.
h4 Bd6 22. Bf1 Nc5 23. Bg5+ Kd7 24. b4 Ne6 25. Bh3 Re8 26. Nd5 Nf7 27. Nf4 Nxg5
28. hxg5 Rxh3 29. Rxh3 Nxg5 30. Rh4 Nxe4 31. Rh7 g5 32. Rxg7+ Kc8 33. Nh5 Bxb4
34. Rdd7 Nc5 35. Rdf7 a5 36. Nf6 Re1+ 37. Kc2 Re2+ 38. Kb1 Re1+ 39. Kc2 Re2+ 40.
Kb1 Re1+ 1/2-1/2

[Event "Reykjavik Open 2015"]
[Site "Reykjavik ISL"]
[Date "2015.03.14"]
[Round "6.50"]
[White "Chan, James"]
[Black "Mihajlov, Sebastian"]
[Result "0-1"]
[BlackTitle "FM"]
[WhiteElo "2038"]
[BlackElo "2308"]
[WhiteFideId "2605775"]
[BlackFideId "1512110"]
[EventDate "2015.03.10"]

1. e4 e5 2. Nf3 Nc6 3. Bb5 a6 4. Ba4 Nf6 5. O-O Be7 6. Re1 b5 7. Bb3 d6 8. c3
O-O 9. h3 Na5 10. Bc2 c5 11. d4 Nd7 12. d5 Nb6 13. Nbd2 f5 14. exf5 Bxf5 15. Ne4
Qd7 16. Kh2 h6 17. g4 Bg6 18. Kg2 Bf7 19. Bxh6 gxh6 20. Nxc5 Qe8 21. Ne6 Bg6 22.
Be4 Bxe4 23. Rxe4 Qg6 24. Qd3 Rf7 25. Nd2 Bg5 26. Nf3 Rc8 27. h4 Be7 28. h5 Qf6
29. g5 Qf5 30. g6 Rf6 31. Rf1 Nxd5 32. Qxd5 Qxe6 33. Qd2 Rxg6+ 34. hxg6 Qxg6+
35. Rg4 Qxg4+ 0-1

[Event "Reykjavik Open 2015"]
[Site "Reykjavik ISL"]
[Date "2015.03.14"]
[Round "6.51"]
[White "Haldorsen, Benjamin"]
[Black "Prieto, Alberto"]
[Result "1/2-1/2"]
[WhiteElo "2307"]
[BlackElo "2045"]
[WhiteFideId "1512633"]
[BlackFideId "2083426"]
[EventDate "2015.03.10"]

1. e4 e5 2. Nf3 Nc6 3. Bb5 Nd4 4. Nxd4 exd4 5. O-O h5 6. c3 Bc5 7. b4 Bb6 8. Bb2
c6 9. Bc4 d5 10. exd5 cxd5 11. Bb5+ Kf8 12. cxd4 Qh4 13. Qe2 Be6 14. Nc3 Nf6 15.
Na4 Ng4 16. h3 Bc7 17. Nc5 Rh6 18. Rac1 Bh2+ 19. Kh1 Bd6 20. Rc3 a6 21. Ba4 b5
22. Bb3 Re8 23. Kg1 Rf6 24. Rf3 Rxf3 25. Qxf3 Nh2 26. Nxe6+ Rxe6 27. Qxd5 Nxf1
28. Kxf1 Qf4 29. Qxh5 Qxd2 30. Bxe6 Qd3+ 31. Qe2 Qb1+ 32. Qe1 Qxb2 33. Bb3 Qxd4
34. g3 Bxb4 35. Qd1 Qxd1+ 36. Bxd1 Ke7 37. Ke2 f5 38. Bc2 Kf6 39. f4 Bd6 40. Kf3
g6 41. Bd3 Bc5 42. g4 fxg4+ 43. hxg4 Bd6 44. Ke4 Bc7 45. f5 gxf5+ 46. gxf5 Bd6
47. Kd5 Bf8 48. Kc6 b4 1/2-1/2

[Event "Reykjavik Open 2015"]
[Site "Reykjavik ISL"]
[Date "2015.03.14"]
[Round "6.52"]
[White "Thorhallsson, Simon"]
[Black "Tjomsland, Stig"]
[Result "1-0"]
[BlackTitle "FM"]
[WhiteElo "2009"]
[BlackElo "2300"]
[WhiteFideId "2310090"]
[BlackFideId "1501704"]
[EventDate "2015.03.10"]

1. d4 Nf6 2. c4 e6 3. Nc3 Bb4 4. f3 d5 5. a3 Be7 6. e4 dxe4 7. fxe4 e5 8. d5 Bc5
9. Nf3 Bg4 10. h3 Bh5 11. Bd3 Nbd7 12. g4 Bg6 13. Kf1 O-O 14. Kg2 Bd4 15. Bg5
Nc5 16. Qe2 Bxc3 17. Bxf6 Qxf6 18. bxc3 h5 19. Bc2 Qf4 20. Nd2 hxg4 21. hxg4 f6
22. Raf1 Qg5 23. Rh3 Be8 24. Nf3 Qf4 25. Nh4 Qg5 26. Nf5 Bg6 27. Nh4 Bh7 28. Nf3
Qxg4+ 29. Rg3 Qd7 30. Qe3 Qe7 31. Rh1 f5 32. Qh6 Qf6 33. Qxh7+ Kf7 34. Qxf5 Qxf5
35. exf5 Rh8 36. Nxe5+ Kf6 37. Re1 g5 38. fxg6 Kg7 39. Nd7 1-0

[Event "Reykjavik Open 2015"]
[Site "Reykjavik ISL"]
[Date "2015.03.14"]
[Round "6.53"]
[White "Masungwini, Michael T"]
[Black "Wahedi, Ahmad Siar"]
[Result "0-1"]
[BlackTitle "FM"]
[WhiteElo "1972"]
[BlackElo "2287"]
[WhiteFideId "14308231"]
[BlackFideId "4651260"]
[EventDate "2015.03.10"]

1. d4 c5 2. d5 e6 3. dxe6 fxe6 4. e4 d6 5. Nc3 Nc6 6. Bd3 Be7 7. Be3 Nf6 8. g4
a6 9. g5 Nd7 10. f4 Nb4 11. Bf1 Nb6 12. a3 Nc6 13. Bd3 c4 14. Bxb6 Qxb6 15. Bxc4
Qxb2 16. Nge2 Qb6 17. Qd2 O-O 18. Bb3 Kh8 19. h4 Bd7 20. h5 Rac8 21. h6 g6 22.
Rf1 Qc5 23. e5 d5 24. Na4 Qa5 25. Qxa5 Nxa5 26. Nb6 Nxb3 27. cxb3 Rc7 28. Nxd7
Rxd7 29. Nd4 Re8 30. Nxe6 Bxa3 31. Rxa3 Rxe6 32. Kd2 Rc6 33. Rc1 Rxc1 34. Kxc1
Kg8 35. Kd2 Kf7 36. Ra5 Ke6 37. Rc5 Kf5 38. Ke3 d4+ 39. Kf3 d3 40. Rc1 d2 41.
Rd1 Rd4 42. Ke3 Rxf4 43. Rxd2 Re4+ 44. Kf3 Rxe5 45. Rd7 Rb5 46. Rxh7 Rxb3+ 47.
Ke2 Kxg5 48. Rh8 Rb5 49. Kd3 Kh5 50. Ke4 g5 51. h7 Kh6 0-1

[Event "Reykjavik Open 2015"]
[Site "Reykjavik ISL"]
[Date "2015.03.14"]
[Round "6.54"]
[White "Babijczuk, Pawel"]
[Black "Wege, Jochen"]
[Result "0-1"]
[BlackTitle "FM"]
[WhiteElo "1950"]
[BlackElo "2277"]
[WhiteFideId "1129120"]
[BlackFideId "4620488"]
[EventDate "2015.03.10"]

1. e4 e6 2. d3 c5 3. c3 Nc6 4. Be2 d5 5. Nd2 g6 6. f4 Bg7 7. Ngf3 Nge7 8. O-O
O-O 9. g4 f5 10. gxf5 exf5 11. e5 Qc7 12. d4 b6 13. Rf2 Nd8 14. Nf1 Ne6 15. h4
Bh6 16. N3h2 Bb7 17. Be3 Rac8 18. Ng3 cxd4 19. cxd4 Qc2 20. Bd3 Qxd1+ 21. Rxd1
Nc6 22. Bb1 Ba6 23. Kg2 Rc7 24. Kf3 Ne7 25. Ne2 Bxe2+ 26. Rxe2 Rfc8 27. Nf1 Nc6
28. a3 Na5 29. Ba2 Nc4 30. Bxc4 Rxc4 31. Ng3 b5 32. Red2 Bf8 33. Ne2 a6 34. Nc3
Rd8 35. h5 b4 36. axb4 Bxb4 37. hxg6 hxg6 38. Rg2 Kf7 39. Ne2 Rh8 40. Rc1 Rh3+
41. Rg3 Rxc1 42. Nxc1 Rh8 43. Nd3 Be7 44. Rg1 a5 45. Nf2 Rb8 46. Ra1 Rb3 47.
Rxa5 Nxd4+ 48. Kg2 Rxe3 49. Rxd5 Ne6 50. Rb5 Nxf4+ 51. Kf1 g5 52. b4 Rb3 0-1

[Event "Reykjavik Open 2015"]
[Site "Reykjavik ISL"]
[Date "2015.03.14"]
[Round "6.55"]
[White "Baldvinsson, Loftur"]
[Black "Niemann, Hans M"]
[Result "1-0"]
[WhiteElo "1945"]
[BlackElo "2275"]
[WhiteFideId "2301261"]
[BlackFideId "2093596"]
[EventDate "2015.03.10"]

1. e4 c5 2. Nf3 d6 3. d4 cxd4 4. Nxd4 Nf6 5. Nc3 Nc6 6. Nb3 g6 7. Be2 Bg7 8. O-O
O-O 9. Bg5 a5 10. a4 Be6 11. f4 Qb6+ 12. Kh1 Qb4 13. Bf3 Rfd8 14. Nd5 Bxd5 15.
exd5 Na7 16. c3 Qb6 17. Re1 Re8 18. Re2 Qa6 19. Nd4 Rac8 20. Qe1 Rc7 21. f5 Qc4
22. fxg6 hxg6 23. Rd1 Qxa4 24. Rd3 Qc4 25. Qd2 Nc8 26. b3 Qa6 27. c4 a4 28. Nb5
Rc5 29. Be3 Rxb5 30. cxb5 Qxb5 31. bxa4 Qxa4 32. Rd4 Qb3 33. Rb4 Qa3 34. Rxb7
Qa6 35. Rb1 Nd7 36. Rf2 Ne5 37. Be2 Qa3 38. Rff1 Rf8 39. Rfc1 Nd7 40. Bh6 Nc5
41. Bxg7 Kxg7 42. Ra1 Qb3 43. Rcb1 f6 44. Rxb3 Nxb3 45. Qb2 Nxa1 46. Qxa1 Nb6
47. Bf3 Ra8 48. Qe1 Ra7 49. h3 Nc4 50. Qc3 Ne5 51. Be2 Ra2 52. Bb5 Ra7 53. Qd4
Rb7 54. Qa4 f5 55. Qa6 Rb8 56. Bc6 Kf6 57. Qa7 Rh8 58. Kg1 g5 59. Bd7 Rf8 60.
Be6 f4 61. Qf2 Kg7 62. Bg4 Rb8 63. Qc2 Rf8 64. Bf3 Kg8 65. Qe4 Kg7 66. Bd1 Rf7
67. Bc2 Kh6 68. Bd1 Kg7 69. Bh5 Rf8 70. Bg4 Rf6 71. Qc2 Rf8 72. Qc7 Kf6 73. Bf3
Rh8 74. Kf1 Rg8 75. Qc2 Rg6 76. Qc8 Nxf3 77. gxf3 Kg7 78. Qe8 Rf6 79. Qxe7+ Kg6
80. Qe8+ Kg7 81. Qd7+ Kg6 82. Kg2 Kh6 83. Kh2 Kg6 84. h4 1-0

[Event "Reykjavik Open 2015"]
[Site "Reykjavik ISL"]
[Date "2015.03.14"]
[Round "6.56"]
[White "Valdimarsson, Einar"]
[Black "Haugli, Petter"]
[Result "0-1"]
[BlackTitle "IM"]
[WhiteElo "1889"]
[BlackElo "2247"]
[WhiteFideId "2304813"]
[BlackFideId "1500104"]
[EventDate "2015.03.10"]

1. e4 c5 2. Nc3 e6 3. f4 d5 4. e5 Nc6 5. Bb5 Bd7 6. Bxc6 Bxc6 7. d4 cxd4 8. Nce2
Qa5+ 9. Bd2 Qb6 10. Nf3 Qxb2 11. Nfxd4 Qb6 12. f5 exf5 13. Nxf5 g6 14. Nfd4 Bg7
15. Rb1 Qc7 16. Bf4 Bxe5 17. O-O Nf6 18. Nxc6 bxc6 19. Rb7 Qd6 20. Bxe5 Qxe5 21.
Ng3 O-O 22. Qf3 Kg7 23. c3 Rfe8 24. Kh1 Re6 25. h4 h5 26. a4 Qe3 27. Rc7 Qxf3
28. Rxf3 a5 29. Nf1 Rb8 30. Ra7 Re4 31. Rxa5 Rxh4+ 32. Kg1 Rb7 33. Ra6 Rc4 34.
Ne3 Rc5 35. Nc2 Ne4 36. Nd4 Nxc3 37. Nxc6 Nxa4 38. Ne5 Nc3 39. Raf6 Rcc7 40. Rd6
Rb1+ 41. Kh2 Re1 42. Nd7 Re6 43. Nf6 Rxd6 44. Ne8+ Kg8 45. Nxd6 Ne4 46. Nb5 Rd7
47. Nd4 Ng5 48. Ra3 Ne6 0-1

[Event "Reykjavik Open 2015"]
[Site "Reykjavik ISL"]
[Date "2015.03.14"]
[Round "6.57"]
[White "Haug, Johannes"]
[Black "Heimisson, Hilmir Freyr"]
[Result "1-0"]
[WhiteTitle "FM"]
[WhiteElo "2339"]
[BlackElo "1861"]
[WhiteFideId "1509268"]
[BlackFideId "2309998"]
[EventDate "2015.03.10"]

1. e4 c6 2. c4 d5 3. cxd5 cxd5 4. exd5 Nf6 5. Nc3 g6 6. Qb3 Bg7 7. Bc4 O-O 8.
Nge2 Nbd7 9. d3 a6 10. a4 b6 11. O-O Bb7 12. d4 Rc8 13. Bf4 Nh5 14. Be3 Ndf6 15.
f3 Bh8 16. Rac1 Ng7 17. Ng3 h5 18. Bf2 h4 19. Nge4 Nf5 20. Rfd1 Nh5 21. Ne2 Bg7
22. g4 hxg3 23. hxg3 Nf6 24. N2c3 Qc7 25. Nxf6+ Bxf6 26. Ne4 Qd7 27. Qxb6 Bxd5
28. Bxd5 Qxd5 29. Qxf6 Qb3 30. Qg5 Qxf3 31. Qf4 Qe2 32. Re1 Qxb2 33. Qd2 Qb3 34.
Nc5 Qf3 35. Qf4 Qd5 36. g4 Nd6 37. Rxe7 Rfe8 38. Re5 Qc6 39. Rxe8+ Rxe8 40. Re1
Rf8 41. Qf6 Qd5 42. Re5 Qc6 43. Kh2 Rb8 44. d5 Qc8 45. Qxd6 Rb2 46. Ne4 Kg7 47.
Qf6+ Kg8 48. Re7 Qf8 49. Qxb2 Qxe7 50. Nf6+ Kf8 51. Bc5 1-0

[Event "Reykjavik Open 2015"]
[Site "Reykjavik ISL"]
[Date "2015.03.14"]
[Round "6.58"]
[White "Eijk, Yuri"]
[Black "Pulvett Marin, Daniel"]
[Result "1/2-1/2"]
[BlackTitle "IM"]
[WhiteElo "2062"]
[BlackElo "2434"]
[WhiteFideId "1017810"]
[BlackFideId "3900410"]
[EventDate "2015.03.10"]

1. c4 Nf6 2. Nc3 g6 3. e4 d6 4. d4 Bg7 5. Nf3 O-O 6. Be2 e5 7. O-O Nc6 8. d5 Ne7
9. b4 Nh5 10. g3 f5 11. Ng5 Nf6 12. Bf3 c6 13. Bg2 h6 14. Ne6 Bxe6 15. dxe6 a6
16. Ba3 b5 17. cxb5 axb5 18. Bb2 fxe4 19. Bxe4 d5 20. Bg2 Qd6 21. Qb3 Qxe6 22.
a4 bxa4 23. Nxa4 Nd7 24. Rac1 Rab8 25. Nc5 Nxc5 26. Rxc5 Rb6 27. Ba3 e4 28. Rd1
Qf7 29. Qc2 Ra8 30. Ra5 Rab8 31. Ra7 R6b7 32. Rxb7 Rxb7 33. b5 cxb5 34. Bxe7
Rxe7 35. Qc6 Re5 36. Qxb5 Kh7 37. Qc6 Rf5 38. Bh3 Rxf2 39. Qxd5 Qa7 40. Kh1 e3
41. Qe4 e2 42. Re1 Qa5 43. Rxe2 Qa1+ 44. Re1 Qb2 45. Bg2 Qd2 46. Rf1 Re2 47. Qd5
Qb2 48. Qb7 Qxb7 49. Bxb7 h5 50. Bf3 Rb2 51. Re1 Rf2 52. Bg2 Rb2 53. Bf3 Rf2 54.
Bg2 Bc3 55. Rc1 Be5 56. Re1 Bb2 57. Be4 Kg7 58. Bd3 Rd2 59. Bc4 Rc2 60. Bd3 Rd2
61. Bc4 Bc3 62. Re2 Rd1+ 63. Kg2 Rc1 64. Bb5 Kf6 65. Kf3 Be5 66. Bd3 g5 67. Rc2
g4+ 68. Ke4 Re1+ 69. Kd5 Re3 70. Rf2+ Kg7 71. Be4 Ba1 72. Ra2 Bf6 73. Rf2 Ra3
74. Rf5 Ra4 75. Bc2 Rd4+ 76. Ke6 Rc4 77. Bd3 Rc3 78. Be4 Re3 79. Rxf6 Rxe4+ 80.
Kf5 Re2 81. Kg5 Rxh2 82. Rg6+ Kf7 83. Rf6+ Kg7 84. Rg6+ Kf7 85. Rf6+ Ke7 86. Rh6
Rh3 87. Rxh5 Rxg3 88. Rh4 Ra3 89. Kxg4 Ra4+ 90. Kg5 Ra5+ 91. Kf4 Ra1 92. Rh7+
Kf6 93. Rh6+ Kg7 94. Rb6 Ra5 95. Kg4 Kf7 96. Kf4 Ke7 97. Ke4 Kd7 98. Kd4 Kc7 99.
Rh6 Ra4+ 100. Kc5 Ra5+ 101. Kc4 Ra4+ 102. Kc5 Ra5+ 1/2-1/2

[Event "Reykjavik Open 2015"]
[Site "Reykjavik ISL"]
[Date "2015.03.14"]
[Round "6.59"]
[White "Kochetkova, Julia"]
[Black "Benet Morant, Damia"]
[Result "1-0"]
[WhiteTitle "WGM"]
[WhiteElo "2288"]
[BlackElo "2044"]
[WhiteFideId "4139690"]
[BlackFideId "2291959"]
[EventDate "2015.03.10"]

1. e4 c5 2. Nf3 e6 3. d4 cxd4 4. Nxd4 Nc6 5. Nc3 Qc7 6. g3 a6 7. Bg2 Nf6 8. O-O
d6 9. Re1 Be7 10. Nxc6 bxc6 11. e5 dxe5 12. Rxe5 Nd5 13. Nxd5 cxd5 14. Bf4 Bd6
15. Qxd5 Bxe5 16. Qxa8 Bxf4 17. gxf4 O-O 18. Qe4 f5 19. Qe3 Rd8 20. Rc1 Kf7 21.
c4 Bb7 22. Re1 Bc8 23. c5 Qd7 24. h3 Qd2 25. Qe5 Rd4 26. c6 Qxf4 27. Qxf4 Rxf4
28. Rd1 Ke7 29. b3 e5 30. Rd5 Be6 31. Rxe5 Kd6 32. Ra5 Bc8 33. Rd5+ Kc7 34. Re5
Kd8 35. Rd5+ Kc7 36. a3 Rh4 37. Re5 Kd8 38. b4 f4 39. Rg5 g6 40. Bf1 Kc7 41. Rc5
Bxh3 42. Bxh3 Rxh3 43. a4 Rb3 44. b5 axb5 45. axb5 h6 46. Kg2 g5 47. f3 Rb1 48.
Kh3 Rg1 49. b6+ Kxb6 50. c7 Rg3+ 51. Kh2 Kxc5 52. c8=Q+ Kd4 53. Qh8+ Ke3 54.
Qxh6 Kxf3 55. Qc6+ Kf2 56. Qe4 Kf1 57. Qc2 Ke1 58. Qb2 Re3 59. Qb1+ Kd2 60. Qb4+
Kd1 61. Qa4+ Ke2 62. Qb5+ Kf2 63. Qxg5 f3 64. Qc5 Ke2 65. Qc2+ Kf1 66. Qd1+ Kf2
67. Kh3 Re2 68. Qd3 Re1 69. Qd4+ Re3 70. Kg4 Kg2 71. Qxe3 f2 72. Qh3+ Kg1 73.
Kg3 1-0

[Event "Reykjavik Open 2015"]
[Site "Reykjavik ISL"]
[Date "2015.03.14"]
[Round "6.60"]
[White "Martinez Lopez, Jaime"]
[Black "Karason, Askell O"]
[Result "0-1"]
[WhiteElo "2044"]
[BlackElo "2274"]
[WhiteFideId "2211254"]
[BlackFideId "2300567"]
[EventDate "2015.03.10"]

1. d4 e6 2. c4 Nf6 3. Nc3 Bb4 4. Qc2 O-O 5. a3 Bxc3+ 6. Qxc3 b6 7. f3 c5 8. dxc5
bxc5 9. Bg5 Nc6 10. Nh3 h6 11. Bh4 Rb8 12. Nf2 Qa5 13. Bxf6 gxf6 14. Qxa5 Nxa5
15. e3 Rxb2 16. Ne4 f5 17. Nxc5 d6 18. Na4 Rb3 19. Kf2 Bd7 0-1

[Event "Reykjavik Open 2015"]
[Site "Reykjavik ISL"]
[Date "2015.03.14"]
[Round "6.61"]
[White "Poley, Vladimir"]
[Black "Skovgaard, Tom"]
[Result "0-1"]
[WhiteTitle "IM"]
[WhiteElo "2269"]
[BlackElo "2042"]
[WhiteFideId "13500090"]
[BlackFideId "1406337"]
[EventDate "2015.03.10"]

1. Nf3 d5 2. b3 Nf6 3. Bb2 g6 4. c4 c6 5. cxd5 cxd5 6. Bxf6 exf6 7. d4 Nc6 8. e3
Bb4+ 9. Nbd2 Bf5 10. Be2 Bc3 11. Rc1 Bb2 12. Rc5 Ba3 13. Rb5 a6 14. Rxb7 Bc8 15.
Bxa6 Rxa6 16. Rb5 Na7 17. Rb8 Qc7 18. Ra8 Qb7 19. Rxc8+ Qxc8 20. O-O O-O 21. Ne1
Qc6 22. Nd3 Bd6 23. a4 Rc8 24. Qe2 Qb7 25. Rb1 Nc6 26. b4 Rxa4 27. Qf3 Qb5 28.
Qxf6 Be7 29. Qf5 gxf5 0-1

[Event "Reykjavik Open 2015"]
[Site "Reykjavik ISL"]
[Date "2015.03.14"]
[Round "6.62"]
[White "Kristinsson, Jon"]
[Black "Lunn, Matthew"]
[Result "1/2-1/2"]
[WhiteElo "2251"]
[BlackElo "2034"]
[WhiteFideId "2300141"]
[BlackFideId "405485"]
[EventDate "2015.03.10"]

1. d4 Nf6 2. c4 g6 3. Nc3 Bg7 4. e4 d6 5. f3 O-O 6. Be3 c5 7. Nge2 Nc6 8. Qd2
cxd4 9. Nxd4 Nxd4 10. Bxd4 Be6 11. Be2 Qa5 12. Rc1 Rfc8 13. b3 a6 14. O-O b5 15.
cxb5 axb5 16. Rfd1 b4 17. Na4 Nd7 18. Bxg7 Kxg7 19. Qd4+ Kg8 20. Bc4 Bxc4 21.
Rxc4 Rxc4 22. Qxc4 Nb6 23. Nxb6 Qxb6+ 24. Qd4 Qa5 25. Rd2 Rc8 26. h3 Rc1+ 27.
Kh2 Qg5 28. Rf2 Qc5 29. Rd2 Qg5 30. Rf2 Qc5 1/2-1/2